LEADER 01205nas a2200181 i 4500 001 000000031072 003 CaOOAMICUS 005 20180830125449.0 008 180830s1880 it u0 ita u 040 $aSeMil$bita 245 10$aCollezione di opere storico-polemiche :$bspecialmente per uso della gioventù. 260 $aRoma :$bTipografia poliglotta della S. C. di Propaganda Fide,$c1880. 300 $av. ;$c24 cm. 774 0 $aBarruel, Augustin <1741-1820>$tMemorie per servire alla storia del giacobinismo.$dRoma : Tipografia poliglotta della S. C. di Propaganda Fide, 1887.$g2-3$w()25043 774 0 $aBaldassari, Pietro $tRelazione delle avversità e patimenti del glorioso papa Pio 6. negli ultimi tre anni del suo pontificato.$dRoma : Tip. Poliglotta, 1889.$g5-6$w()31070 774 0 $aBarruel, Augustin <1741-1820>$tStoria del clero in tempo della rivoluzione francese.$dRoma : Tipografia poliglotta della S. C. di Propaganda Fide, 1888.$w()31255 996 $6245$aCollezione di opere storico-polemiche :$bspecialmente per uso della gioventù$9(OLS)http://semarc/title/42291 996 $6260$aRoma :$bTipografia poliglotta della S. C. di Propaganda Fide$9(OLS)http://semarc/publisher/33121 LEADER 01114nam a2200241 i 4500 001 000000207549 003 CaOOAMICUS 005 20111102000000.0 008 111102s1916 it u000 u fre u 013 $a186327 040 $aSeMil$bita 100 1 $aBernhardi, Friedrich : von.$0(OLS)http://semarc/name/74510 245 12$aL'Allemagne et la prochaine guerre /$cpar le général Friedrich von Bernhardi ; traduction française de la sixième édition allemande parue en 1913 ; préface du colonel F. Feyler. 260 $aParis ; Lausanne :$bPayot,$c1916. 300 $aXI, 299 p. ;$c24 cm. 500 $aContiene : Appendice. 650 4$aPangermanismo.$0(OLS)http://semarc/subject/14784 650 4$aGuerra mondiale <1914-1918> - Germania.$0(OLS)http://semarc/subject/4062 700 1 $aFeyler, Fernand.$0(OLS)http://semarc/name/74511 850 $aSeMil 852 $aSeMil$W1$xVenegono$y1$m3U V 11$j158008$B158008$CSeMilBibl$Z2$F169269 $81 996 $6245$aL'Allemagne et la prochaine guerre$9(OLS)http://semarc/title/300134 996 $6260$aParis ; Lausanne :$bPayot$9(OLS)http://semarc/publisher/46815